| 000 | 00628nab a2200193 4500 | ||
|---|---|---|---|
| 001 | 244442 | ||
| 003 | OSt | ||
| 005 | 20260331075359.0 | ||
| 007 | tu | ||
| 008 | 260331s2020||||||| | ||
| 040 |
_aDE-2950 _cDE-2950 |
||
| 245 | 0 | 0 |
_aKompromiss für die Linie 981 _bNahverkehr. Die neue Linienführung hat vor allem bei Bewohnern in Nord für großen Unmut gesorgt. Jetzt Präsentiert die SVF eine Lösung/ _cThomas Meiler |
| 264 | _c2026 | ||
| 653 | _aFrankfurt (O) | ||
| 653 | _aÖPNV | ||
| 653 | _aLinie 981 | ||
| 773 | 0 |
_g37. Jahrgang (2026) Nr. 71 vom 25.03.2026 , S. 15 mit Fotos _tMärkische Oderzeitung |
|
| 942 |
_2z _cA |
||
| 999 |
_c374356 _d374356 |
||